Quizzes
Events
Quiz Creation
Community
Videos
Private Events
Remove Ads
Sign In
Join for FREE
Feedback
Dark Mode
Quiz Categories
Sports
Geography
Music
Movies
Television
Just For Fun
Miscellaneous
History
Literature
Language
Science
Gaming
Entertainment
Religion
Holiday
For Kids
Quiz Lab
Recent
Popular Today
Quiz Kudos Today
Editor Picks
Curator Picks
Quizzes by...
Day
Popularity
Type
Ratings
Length
Year
Community
Subscriptions
Recent Discussions
Orange Saloon
Badges
Playlists
Quests
Create
Leaderboards
Showdown
Live 5
Trivia Bingo
Activity
Puzzle Library
Sporcle Events
Private Events
Virtual Trivia
Globe League
Become a Host
Pub Owners
SporcleCon
Opinionation
Our Games
Videos
Blog
Mobile Apps
Partnerships
Remove Ads and Go Orange
Feedback
Geography
Country
Landmarks
City
State
Population
World
Capital
Continent
Flags
Europe
Africa
Asia
South America
North America
Oceania
Border
Canada
United Kingdom
Topography
United States
Geography
Country
Landmarks
City
State
Population
World
Capital
Continent
Flags
Europe
Africa
Asia
South America
North America
Oceania
Border
Canada
United Kingdom
Topography
United States
Random Quiz
Search Sporcle
×
Quiz Lab
Quiz Lab
Geography
Population
Type in answers that appear in a list
Type in answers that appear in a list
Classic
Best Score? Go Orange.
50 Most Populous US Cities in 1990 Stats
Can you name the 50 most populous US cities in the year 1990?
By
eppsilon
8m
50 Questions
147 Plays
147 Plays
147 Plays
Comments
Comments
Give Quiz Kudos
Give Quiz Kudos
-
- Ratings
hide this ad
Replay
Link that replays current quiz
Next Quiz
Link to next quiz in quiz playlist
You Got
0%
They Got
Avg Score
89%
Avg Friend Score
Upgrade to see
Score Distribution
Jump to the score distribution portion of the page
Score
0/50
Timer
08:00
1
Play Today
Population
City
% Correct
3,485,398
Los Angeles, CA
98.6%
2,783,726
Chicago, IL
98.6%
7,322,564
New York, NY
98%
1,630,553
Houston, TX
98%
1,006,877
Dallas, TX
97.3%
516,259
Seattle, WA
97.3%
1,110,549
San Diego, CA
96.6%
574,283
Boston, MA
96.6%
1,585,577
Philadelphia, PA
95.9%
1,027,974
Detroit, MI
95.9%
723,959
San Francisco, CA
95.2%
672,971
Jacksonville, FL
95.2%
983,403
Phoenix, AZ
94.6%
369,879
Pittsburgh, PA
94.6%
368,383
Minneapolis, MN
94.6%
396,685
St. Louis, MO
93.9%
935,933
San Antonio, TX
93.2%
628,088
Milwaukee, WI
93.2%
505,616
Cleveland, OH
93.2%
437,319
Portland, OR
93.2%
358,548
Miami, FL
93.2%
736,014
Baltimore, MD
92.5%
632,910
Columbus, OH
92.5%
606,900
Washington, DC
92.5%
467,610
Denver, CO
92.5%
Population
City
% Correct
394,017
Atlanta, GA
92.5%
496,938
New Orleans, LA
91.8%
435,146
Kansas City, MO
91.8%
364,040
Cincinnati, OH
91.8%
610,337
Memphis, TN
91.2%
510,784
Nashville, TN
90.5%
395,934
Charlotte, NC
90.5%
741,952
Indianapolis, IN
89.8%
782,248
San Jose, CA
89.1%
515,342
El Paso, TX
89.1%
328,123
Buffalo, NY
89.1%
465,622
Austin, TX
87.8%
447,619
Fort Worth, TX
87.8%
444,719
Oklahoma City, OK
87.1%
372,242
Oakland, CA
84.4%
384,736
Albuquerque, NM
81.6%
369,365
Sacramento, CA
80.3%
335,795
Omaha, NE
79.6%
354,202
Fresno, CA
78.9%
405,390
Tucson, AZ
78.2%
367,302
Tulsa, OK
76.9%
365,272
Honolulu, HI
76.9%
429,433
Long Beach, CA
75.5%
393,069
Virginia Beach, VA
75.5%
332,943
Toledo, OH
73.5%
Quiz Playlist
Details
Report
Send in Message
Add To Playlist
Classic:
Type in answers that appear in a list
Quiz Source
Last Updated: May 1, 2017
Quiz Scoreboard
CHALLENGE
Sign Up to Join the Scoreboard
Show All
Scores
Hide
Comments
May contain spoilers
Recently Published
1-10 Letter E Words III
by El_Dandy
Language
2m
One Thing in Common: World Cities II
by knightlancer
Geography
7m
Popular People in 1961
by mucciniale
History
6m
More to Explore
Quiz From the Vault
Featured Blog Post
Where Did the Easter Bunny Come From?
hide this ad
You Might Also Like...
Tags
City Quiz
Population Quiz
1990
1990s
Highest Population
Largest Population
Populous City
US Cities
Today's Top Quizzes in Geography
Browse Geography
hide this ad
Today's Top Quizzes in Population
Browse Population
Top Contributed Quizzes in Geography
1
Countries of the World - No Outlines Minefield
2
African Flag Reveal XLV
3
Top 25 Cities of France on a map
4
Closest Countries to UK A-Z
5
Blind Secret Country CLXXXVIII
6
Find the US States - No Outlines
7
One Thing in Common: Asia
8
Blind Ultimate Minefield: Asia
9
30 Pics in 60: Landmark Cities
10
Find the States of India (Picture Click)
Explore More
Trending Topics
Crossword
Marvel
Anime
Disney
Kpop
Harry Potter
NBA
The Office
NFL
Pokémon
Song
Country
Soccer
Puzzle
WWE
hide this ad
More By:
eppsilon
Quiz
Plays
Rating
Category
Featured
Created
50 Most Populous US Cities in 2010
313
4.85
Geography
Nov 20, 2017
50 Most Populous US Cities in 1950
280
5.00
Geography
May 2, 2017
50 Most Populous US Cities in 1960
191
5.00
Geography
May 2, 2017
50 Most Populous US Cities in 1970
184
4.67
Geography
Apr 29, 2017
50 Most Populous US Cities in 1990
146
4.63
Geography
Apr 29, 2017
Go to Creator's Profile
Score Distribution
Quiz Creator Spotlight
eppsilon
Follow
Send a Message
Quizzes Created
-
Created Quiz Play Count
-
More By This Creator
Popular Quizzes Today
1
Find the US States - No Outlines Minefield
2
The Countries of the World
3
Popular People in 1961
4
Find the Countries of Europe - No Outlines Minefield
5
1-10 Letter E Words III
6
Find the US States
7
One Thing in Common: World Cities II
8
US States
More Geography Quizzes
Foreign-Born Population: Poland
Published
Trending Quizzes
1-10 Letter F Words
One Thing in Common: Music
1-10 Letter G Words
Risky Map Clicking: Next State Alphabetically
1-10 Letter F Words II
Recently Updated
Leaping Animals
pecheneg
Reality TV Shows (A-Z)
bhenderson79
Rickey Henderson's Hall of Fame Teammates
pecheneg
Champions League XIs: Arsenal
pecheneg
Quick Pick: Celebrities in WWE's Hall of Fame
aduchscher
A-Z Keypad Blitz II
pecheneg
Multiple Oscar Actors
pecheneg
Mystery Phrase Blitz: Oscar 'Best Actors'
pecheneg
F. Scott Fitzgerald Novels
LTH
Pick 3 Villains
ddd62291
Trending Topics
Crossword
NBA
Disney
Harry Potter
Anime
Kpop
Marvel
WWE
Pokémon
The Office
Soccer
NFL
Puzzle
Country
Song
Your Account Isn't Verified!
In order to create a playlist on Sporcle, you need to verify the email address you used during registration. Go to your
Sporcle Settings
to finish the process.
Report this User
Report this user for behavior that violates our
Community Guidelines
.
Details:
Send Report
Go to the Sporcle.com Mobile Site →
Comments